Efectos demográficos de grandes proyectos de desarrollo /

Shranjeno v:
Bibliografske podrobnosti
Drugi avtorji: Canales, Jorge L. (Editor)
Format: Neznan
Jezik:Spanish
Izdano: San José: CELADE. CEDEM. UNFPA, 1990
Oznake: Označite
Brez oznak, prvi označite!

MARC

LEADER 00000 a2200000 04500
003 cru CIDCAC/IIS
005 20230612124137.0
008 230612b |||||||| |||| 00| 0 spa d
040 |c cru CIDCAC/IIS 
090 |a 10755.00 
100 1 |a Canales, Jorge L.  |9 11441  |e Editor 
245 1 |a Efectos demográficos de grandes proyectos de desarrollo /   |c Jorge L. Canales 
260 |a San José:   |b CELADE. CEDEM. UNFPA,  |c 1990 
300 |a 347 p  
500 |a Colección Centroamérica 
942 |2 ddc  |c LI 
999 |c 17615  |d 17615